[Event "SVK-chT4 A21 2122"]
[Site "Slovakia"]
[Date "2022.03.27"]
[Round "11.5"]
[White "Palka, Miroslav"]
[Black "Novomesky, Roman"]
[Result "1-0"]
[WhiteElo "1731"]
[BlackElo "1303"]
[PlyCount "57"]
[EventDate "2021.10.17"]
[EventType "team-tourn"]
[EventRounds "11"]
[EventCountry "SVK"]
[SourceTitle "EXT 2024"]
[Source "ChessBase"]
[SourceDate "2023.10.10"]
[SourceVersion "1"]
[SourceVersionDate "2023.10.10"]
[SourceQuality "1"]
[WhiteTeam "Senica"]
[BlackTeam "Stefanov"]
[WhiteTeamCountry "SVK"]
[BlackTeamCountry "SVK"]

1. c4 e6 2. e4 d5 3. exd5 exd5 4. cxd5 Qxd5 5. Nc3 Qd8 6. Bc4 Nf6 7. Qb3 Qd7 8. Nf3 Bd6 9. 0-0 0-0 10. a4 b6 11. d4 Ba6 12. Bg5 Bxc4 13. Qxc4 Nc6 14. Bxf6 gxf6 15. Ne4 Be7 16. Rac1 Nb4 17. Qxc7 Qxc7 18. Rxc7 Nd5 19. Rc4 Rac8 20. Rfc1 Rxc4 21. Rxc4 a5 22. Nh4 h6 23. Nf5 Kh7 24. Nxe7 Nxe7 25. Nxf6+ Kg6 26. Nd7 Rc8 27. Nxb6 Rxc4 28. Nxc4 Nd5 29. Nxa5 1-0

[Event "Skalica Schaeffler op"]
[Site "Skalica"]
[Date "2020.08.30"]
[Round "9"]
[White "Stevik, Patrik"]
[Black "Novomesky, Roman"]
[Result "1/2-1/2"]
[WhiteElo "1378"]
[BlackElo "1333"]
[PlyCount "42"]
[EventDate "2020.08.23"]
[EventType "swiss"]
[EventRounds "9"]
[EventCountry "SVK"]
[SourceTitle "CBM 198 Extra"]
[Source "ChessBase"]
[SourceDate "2020.11.30"]
[SourceVersion "1"]
[SourceVersionDate "2020.11.30"]
[SourceQuality "1"]

1. b3 e5 2. Bb2 Nc6 3. e3 Nf6 4. Nf3 e4 5. Nd4 Bc5 6. c3 0-0 7. b4 Bxd4 8. cxd4 d5 9. b5 Ne7 10. a4 c6 11. Ba3 Re8 12. Nc3 Bd7 13. Rb1 b6 14. Qb3 Qc7 15. bxc6 Bxc6 16. Rc1 Qb7 17. Nb5 Bxb5 18. Bxb5 Rec8 19. 0-0 Nc6 20. d3 Na5 21. Qb4 exd3 1/2-1/2

[Event "Skalica Schaeffler op"]
[Site "Skalica"]
[Date "2020.08.27"]
[Round "6"]
[White "Kapolkova, Greta"]
[Black "Novomesky, Roman"]
[Result "1-0"]
[WhiteElo "1545"]
[BlackElo "1333"]
[PlyCount "119"]
[EventDate "2020.08.23"]
[EventType "swiss"]
[EventRounds "9"]
[EventCountry "SVK"]
[SourceTitle "CBM 198 Extra"]
[Source "ChessBase"]
[SourceDate "2020.11.30"]
[SourceVersion "1"]
[SourceVersionDate "2020.11.30"]
[SourceQuality "1"]

1. e4 d5 2. exd5 Qxd5 3. Nc3 Qa5 4. Nf3 Nf6 5. Bc4 Bg4 6. d3 e6 7. 0-0 c6 8. Re1 Nbd7 9. Bf4 Nh5 10. Bd2 Qc7 11. h3 Bxf3 12. Qxf3 Nhf6 13. Bf4 Bd6 14. Bxd6 Qxd6 15. Ne4 Nxe4 16. Qxe4 Nc5 17. Qg4 0-0 18. Re3 f5 19. Qg5 Rae8 20. Rae1 Rf6 21. Qh5 Qe7 22. b4 b5 23. Bb3 Nxb3 24. axb3 g6 25. Qf3 Qd6 26. Re5 Kf7 27. Qe3 Qxb4 28. Qxa7+ Qe7 29. Qb6 Qd6 30. Rxb5 e5 31. Ra5 Rfe6 32. Ra7+ R8e7 33. Rea1 e4 34. dxe4 Rxe4 35. Rxe7+ Rxe7 36. Qa5 Re5 37. Qc3 Ke6 38. Qc4+ Rd5 39. Rd1 Kd7 40. Rxd5 Qxd5 41. Qxd5+ cxd5 42. Kf1 Kd6 43. Ke2 Kc5 44. Kd3 h6 45. c4 dxc4+ 46. bxc4 g5 47. g4 f4 48. f3 Kc6 49. Kd4 Kd6 50. c5+ Kc6 51. Kc4 Kc7 52. Kd5 Kd7 53. c6+ Kc8 54. Kd6 Kd8 55. c7+ Kc8 56. Kc6 h5 57. gxh5 g4 58. h6 gxh3 59. h7 h2 60. h8Q# 1-0